[Event "EU Union-ch U14 17th"]
[Site "Mureck"]
[Date "2019.08.07"]
[Round "8"]
[White "Velasco, Kathleen"]
[Black "Lappi, Aurora"]
[Result "1-0"]
[WhiteElo "1428"]
[BlackElo "1118"]
[PlyCount "115"]
[EventDate "2019.07.31"]
[EventType "swiss"]
[EventRounds "9"]
[EventCountry "AUT"]
[SourceTitle "EXT 2020"]
[Source "ChessBase"]
[SourceDate "2019.10.17"]
[SourceVersion "1"]
[SourceVersionDate "2019.10.17"]
[SourceQuality "1"]

1. e4 c5 2. Nf3 Nc6 3. d4 cxd4 4. Nxd4 e5 5. Nb5 d6 6. N1c3 a6 7. Na3 b5 8. Nd5 Nf6 9. Bg5 Be7 10. Bxf6 Bxf6 11. c3 0-0 12. Nc2 Bg5 13. Nce3 Bxe3 14. Nxe3 b4 15. cxb4 Nxb4 16. Bc4 Bb7 17. f3 Qg5 18. Qd2 Rac8 19. Bb3 a5 20. Nf5 Qxd2+ 21. Kxd2 Rc7 22. Rac1 Rfc8 23. Rxc7 Rxc7 24. Rc1 Rd7 25. a3 d5 26. axb4 dxe4+ 27. Ke2 Ba6+ 28. Bc4 exf3+ 29. Kxf3 Bb7+ 30. Kg3 axb4 31. Ne3 h5 32. Rd1 Re7 33. Nc2 Rc7 34. b3 g5 35. Nxb4 Kg7 36. Kf2 f5 37. Bd5 Rd7 38. Bf3 Rxd1 39. Bxd1 Kf6 40. Bxh5 Bxg2 41. Kxg2 e4 42. Nd5+ Ke5 43. Ne3 f4 44. Nc2 e3 45. Kf3 Kf5 46. Nxe3+ fxe3 47. Kxe3 Ke5 48. Kd3 Kd5 49. b4 Kc6 50. Kc4 Kb6 51. Be8 Kb7 52. Kb5 Ka7 53. Kc6 Kb8 54. b5 g4 55. Kb6 g3 56. hxg3 Ka8 57. Bc6+ Kb8 58. Be4 1-0

[Event "EU Union-ch U14 17th"]
[Site "Mureck"]
[Date "2019.08.05"]
[Round "6"]
[White "Velasco, Kathleen"]
[Black "Religa, Marek"]
[Result "1/2-1/2"]
[WhiteElo "1428"]
[BlackElo "1319"]
[PlyCount "77"]
[EventDate "2019.07.31"]
[EventType "swiss"]
[EventRounds "9"]
[EventCountry "AUT"]
[SourceTitle "EXT 2020"]
[Source "ChessBase"]
[SourceDate "2019.10.17"]
[SourceVersion "1"]
[SourceVersionDate "2019.10.17"]
[SourceQuality "1"]

1. e4 Nc6 2. Nf3 f5 3. exf5 d5 4. Bb5 Bxf5 5. Ne5 Qd6 6. d4 Nf6 7. 0-0 Nd7 8. Bxc6 bxc6 9. Bf4 Nxe5 10. Bxe5 Qg6 11. c4 Kd7 12. Nd2 e6 13. c5 Be7 14. Nb3 Rhf8 15. f4 h5 16. Nd2 h4 17. Kh1 Qh6 18. Qa4 Bf6 19. Nf3 h3 20. g3 Be4 21. Kg1 Rfb8 22. Qa3 Qh5 23. Rae1 Bxf3 24. Rxf3 Rxb2 25. Qxb2 Qxf3 26. Qe2 Qxe2 27. Rxe2 Rb8 28. Kf2 a5 29. g4 a4 30. Kg3 Bxe5 31. fxe5 Rb4 32. Rd2 Rc4 33. Kxh3 g5 34. Rd3 Ke7 35. Kg3 Kf7 36. h4 Kg6 37. hxg5 Kxg5 38. Kf3 Rb4 39. Kg3 1/2-1/2

[Event "EU Union-ch U14 17th"]
[Site "Mureck"]
[Date "2019.08.02"]
[Round "3"]
[White "Velasco, Kathleen"]
[Black "Lesien, Tymoteusz"]
[Result "1/2-1/2"]
[WhiteElo "1428"]
[BlackElo "1169"]
[PlyCount "116"]
[EventDate "2019.07.31"]
[EventType "swiss"]
[EventRounds "9"]
[EventCountry "AUT"]
[SourceTitle "EXT 2020"]
[Source "ChessBase"]
[SourceDate "2019.10.17"]
[SourceVersion "1"]
[SourceVersionDate "2019.10.17"]
[SourceQuality "1"]

1. e4 c5 2. Nf3 Nc6 3. d4 cxd4 4. Nxd4 g6 5. c4 Bg7 6. Be3 Nf6 7. Nc3 0-0 8. Be2 d6 9. 0-0 Bd7 10. Qd2 Rc8 11. b3 Qa5 12. f3 Nh5 13. Nxc6 bxc6 14. Rac1 Be6 15. Rfd1 Rfd8 16. Bd4 Bxd4+ 17. Qxd4 Nf4 18. Bf1 Bd7 19. Qe3 Qg5 20. Kh1 Ne6 21. Qxg5 Nxg5 22. c5 dxc5 23. Na4 Ne6 24. Nxc5 Nxc5 25. Rxc5 Be8 26. Rcc1 Rxd1 27. Rxd1 c5 28. Bc4 Kg7 29. Kg1 Kf6 30. Kf2 Bc6 31. Ke3 e6 32. g4 g5 33. Rc1 Bb7 34. a4 Ke7 35. e5 f5 36. gxf5 exf5 37. f4 g4 38. Rd1 Rd8 39. Rxd8 Kxd8 40. Kf2 a5 41. Kg3 Bf3 42. Kh4 h6 43. Be6 Bd1 44. Bc4 Ke7 45. Kg3 Kf8 46. Bd5 Ke7 47. Kf2 Kf8 48. Ke1 Bc2 49. Kd2 Bb1 50. Kc3 h5 51. Kd2 h4 52. Ke3 Ke7 53. Kf2 Kf8 54. Bc4 Bc2 55. Kg1 Ke7 56. Kg2 Be4+ 57. Kf2 Bc2 58. Kg2 Be4+ 1/2-1/2

[Event "EU Union-ch U14 17th"]
[Site "Mureck"]
[Date "2019.07.31"]
[Round "1"]
[White "Velasco, Kathleen"]
[Black "Tschopp, Olivier"]
[Result "0-1"]
[WhiteElo "1428"]
[BlackElo "1784"]
[PlyCount "100"]
[EventDate "2019.07.31"]
[EventType "swiss"]
[EventRounds "9"]
[EventCountry "AUT"]
[SourceTitle "EXT 2020"]
[Source "ChessBase"]
[SourceDate "2019.10.17"]
[SourceVersion "1"]
[SourceVersionDate "2019.10.17"]
[SourceQuality "1"]

1. e4 c5 2. Nf3 e6 3. d4 cxd4 4. Nxd4 a6 5. Nc3 Qc7 6. a3 Nf6 7. Be3 b5 8. Bd3 b4 9. axb4 Bxb4 10. Bd2 Bb7 11. Qe2 0-0 12. 0-0 Bc5 13. Nf3 d6 14. h3 Qc6 15. Rfe1 Nbd7 16. Na4 Ba7 17. Nc3 Nc5 18. Bg5 Ncd7 19. Ra2 Bb6 20. Rea1 a5 21. Be3 Bxe3 22. Qxe3 Nc5 23. Nd2 d5 24. Bb5 Qc7 25. exd5 Nxd5 26. Nxd5 Bxd5 27. c4 Bb7 28. Nb3 Nxb3 29. Qxb3 Ra7 30. Qc3 Rfa8 31. Rd1 Bc8 32. Qf3 g6 33. Qf6 Ba6 34. Rd7 Qxd7 35. Bxd7 Rxd7 36. Qf3 Bb7 37. Qc3 a4 38. Qb4 Bc6 39. Ra1 Rb7 40. Qd2 Rb3 41. Ra3 Rb7 42. Qc2 Rab8 43. Ra2 Rb3 44. Qd2 h5 45. Kh2 R3b4 46. Qc2 Kh7 47. g3 a3 48. bxa3 Rb1 49. g4 h4 50. f3 Bxf3 0-1

[Event "NED-ch U16 Girls"]
[Site "Assen"]
[Date "2018.05.03"]
[Round "5"]
[White "Velasco, Kathleen"]
[Black "Jonkman Inza, Amelia Marry"]
[Result "1/2-1/2"]
[WhiteElo "1284"]
[BlackElo "1222"]
[PlyCount "103"]
[EventDate "2018.04.29"]
[EventType "swiss"]
[EventRounds "7"]
[EventCountry "NED"]
[SourceTitle "CBM 184 Extra"]
[Source "ChessBase"]
[SourceDate "2018.06.28"]
[SourceVersion "1"]
[SourceVersionDate "2018.06.28"]
[SourceQuality "1"]

1. e4 e6 2. d4 d5 3. exd5 exd5 4. Nf3 Nf6 5. Bd3 c6 6. Bf4 Nbd7 7. 0-0 Be7 8. Nbd2 0-0 9. Re1 Re8 10. c3 Nf8 11. h3 Be6 12. Qc2 Rc8 13. Ng5 Bd7 14. Be5 Ng6 15. Ndf3 Qb6 16. Bxg6 hxg6 17. h4 Bf5 18. Qd2 Ne4 19. Nxe4 Bxe4 20. Bg3 Bxf3 21. gxf3 Bf6 22. Kg2 c5 23. dxc5 Qxc5 24. Rad1 Rxe1 25. Rxe1 d4 26. cxd4 Qxd4 27. Qxd4 Bxd4 28. Re7 Bxb2 29. Rxb7 Bd4 30. Rc7 Rxc7 31. Bxc7 Bb6 32. Bd6 f5 33. f4 Bd8 34. Kg3 Kh7 35. Bc5 a6 36. Bd6 Kh6 37. Bf8 Bf6 38. Kh3 Kh5 39. f3 Bxh4 40. Bxg7 Bf2 41. Bf6 Be3 42. Bg5 Bf2 43. a3 Bc5 44. a4 Be3 45. Kg3 Bd2 46. Kf2 Bc3 47. Ke2 Bd4 48. Be7 Bc3 49. Bg5 Bd4 50. Kd3 Bg1 51. Ke2 Bh2 52. Kf2 1/2-1/2

[Event "NED-ch U16 Girls"]
[Site "Assen"]
[Date "2018.05.01"]
[Round "3"]
[White "Velasco, Kathleen"]
[Black "Van Essen, Marieke"]
[Result "1/2-1/2"]
[WhiteElo "1284"]
[BlackElo "1282"]
[PlyCount "116"]
[EventDate "2018.04.29"]
[EventType "swiss"]
[EventRounds "7"]
[EventCountry "NED"]
[SourceTitle "CBM 184 Extra"]
[Source "ChessBase"]
[SourceDate "2018.06.28"]
[SourceVersion "1"]
[SourceVersionDate "2018.06.28"]
[SourceQuality "1"]

1. e4 e5 2. Nf3 Nc6 3. Bc4 Bc5 4. c3 Nf6 5. d4 exd4 6. cxd4 Bb4+ 7. Bd2 Bxd2+ 8. Nbxd2 d5 9. exd5 Nxd5 10. 0-0 0-0 11. Re1 Nb6 12. Qc2 Nxd4 13. Nxd4 Qxd4 14. Bd3 g6 15. Nf3 Qd6 16. h3 Nd5 17. Bc4 Be6 18. Qb3 a5 19. a4 Rfe8 20. Nd4 c6 21. Qxb7 Nc7 22. Bxe6 Nxe6 23. Nxe6 fxe6 24. Rad1 Qb4 25. Qxc6 Rac8 26. Qb5 Rb8 27. Qxb4 Rxb4 28. Ra1 Rxb2 29. Re5 Rf8 30. f3 Rf5 31. Rxe6 Rd5 32. Re4 Rdd2 33. Rg4 Kf7 34. h4 h6 35. Kh2 Rf2 36. Kh3 Kf6 37. Rc1 Rfc2 38. Rxc2 Rxc2 39. Re4 Rb2 40. Rc4 Rb4 41. Rc6+ Kf7 42. Rc7+ Kg8 43. Rc6 Kf7 44. Rc7+ Kg8 45. g4 Rxa4 46. Kg3 Rb4 47. Ra7 a4 48. Kf2 Rf4 49. Kg3 Rb4 50. g5 h5 51. Ra6 Kf7 52. Rf6+ Kg7 53. Ra6 Kf7 54. Ra7+ Kg8 55. Kh3 Rf4 56. Ra8+ Kf7 57. Ra7+ Kg8 58. Kg3 Rb4 1/2-1/2